000 00408nam a2200181Ia 4500
001 356
005 20260306140511.0
008 260306t2015||||xx |||||||||||||| ||spa||
041 _aESP
082 _a101
_bT22
100 _aTarrío Ocaña, José Manuel
_eAUT
245 0 _aFilosofía
260 _c2015
300 _a287 páginas :
_c27 cm.
650 _aGEN
654 _aCHU
942 _cLIB
_dJUS
_fJUS
_2ddc
_n
999 _c356
_d356